TRI: néo-conservatisme, constructivisme et transnationalisme - Statistiques

Statistiques générales
  • Ce quiz a été pris 93 fois
  • Le résultat moyen est 18 sur 61
Statistiques - réponses
Question Réponse % Correct
Considéré comme l'un des représentants majeurs, avec qui est apparu le néo-conservatisme aux États-Unis ? George W. Bush
66%
Les néo-conservateurs ont une compréhension des RI basé sur l’…. Chaque siècle a été l’ère de l’… d’une puissance. hégémonie
66%
Quelle est l'école la plus récente en relations internationales, qui a commencé à se structurer dans les années 1970 ? Le constructivisme
63%
Quel pays a été envahi en 2003 dans le cadre de la politique néo-conservatrice ? L'Irak
63%
Autour de quel think thank le néo-conservatisme s’est-il développé ? PNAC (Project for the New American Century)
63%
Il y analyse un évènement marquant de la Guerre Froide pour tenter de le comprendre dans sa globalité. Quel est-il? La crise des missiles de Cuba
59%
Donnez un exemple d'objet transnationaliste. La pizza
59%
Qui est l'auteur de l'article "Anarchy Is What States Make of It" ? Alexander Wendt
56%
Quels types d'anarchie Wendt identifie-t-il ? Hobbesienne
56%
Quels types d'anarchie Wendt identifie-t-il ? Kantienne
53%
Que fait-on de la boite noire des élites de l'Etat chez les constructivistes? On l'ouvre / On la démonte / On l'explore / On essaye de voir de manière plus large cette articulation entre le domestique, l’institutionnel, et l’international
53%
Pour comprendre les RI à partir du modèle de Wendt, il faut se pencher sur un penseur des années 70 qui a écrit "The Essence of Decision". Qui est-il? Graham Allison
50%
Quelle doctrine est rejeté par le constructivisme? Le réalisme
50%
Quelle type de politique intérieure caractérise les néo-conservateurs, en opposition aux libéraux classiques ? Une politique extérieure interventionniste/une politique guerrière
50%
Dans le premier modèle, l’État est un acteur ... qui va chercher à maximiser rationnellement son utilité en calculant les ... et ... de ses actions. bénéfices
44%
Dans la deuxième, l'autre est perçu comme un ... concurrent
44%
Dans le premier modèle, l’État est un acteur ... qui va chercher à maximiser rationnellement son utilité en calculant les ... et ... de ses actions. coûts
44%
Quel événement a stimulé la réaction néo-conservatrice au début du 21ème siècle? Les attaques terroristes du 11 septembre 2001
44%
Quels types d'anarchie Wendt identifie-t-il ? Lockienne
44%
L'Etat existe mais ses prérogatives sont réduites par le dessus (cite un exemple) et par le dessous (cite un exemple). FMI / ONU / CPI
41%
Quelle autre nation, en plus des États-Unis, a adopté une approche similaire en Libye ? La France
41%
Les constructivistes se sont inspirés de la "French Theory" et sont donc les enfants des penseurs français des années 60 et 70 qui prennent en compte l'attitude, les images et les discours. Cites en 3. Michel Foucault
41%
Les constructivistes se sont inspirés de la "French Theory" et sont donc les enfants des penseurs français des années 60 et 70 qui prennent en compte l'attitude, les images et les discours. Cites en 3. Pierre Bourdieu
41%
Dans la troisième, l'autre est perçu comme un ... (deux mots) potentiel partenaire
41%
Le constructivisme est une approche théorique qui met l'accent sur la ... (deux mots) et l'... des RI. intersubjectivité
38%
Quelle analogie est souvent utilisée par les néo-conservateurs pour justifier leur politique interventionniste ? L'analogie avec la Seconde Guerre mondiale après laquelle de nombreuses démocraties libérales sont nés
34%
Quelle institution se voit dans cette dernière catégorie selon Wendt? L'Union Européenne
34%
Quel est le meilleur système politique selon les néo-conservateurs ? La démocratie libérale, surtout celle étatsunienne
31%
Les constructivistes se sont inspirés de la "French Theory" et sont donc les enfants des penseurs français des années 60 et 70 qui prennent en compte l'attitude, les images et les discours. Cites en 3. Jean-François Lyotard
28%
Quels sont les 4 facteurs qui peuvent conduire à des mauvaises perceptions dans les RI selon Robert Jervis ? 2) Surestimer la bienveillance d'autres acteurs En partant du principe d'intersubjectivité, il est naturel de présumer une réaction positive de la part de l'autre, ce qui peut parfois s'avérer loin de la réalité.
25%
Dans le troisième modèle, il s’agit donc de construire l’objet comme un espace de ... entre les différentes unités décisionnelles. Cependant, ce modèle n'est observable qu'a posteriori. compétition
25%
Dans la première, les individus sont en ... (deux mots) conflit perpétuel
25%
Les organisations transnationales étaient légion dans le passé, d'où l'impression de retour en arrière. Cite une organisation sur laquelle aucun monarque européen n'avait de contrôle. L'Ordre du Temple
25%
Quel est l'objectif principal des néo-conservateurs pour le 21ème siècle ? Maintenir l'hégémonie américaine
25%
Quel livre a écrit Francis Fukuyama pour exprimer son sentiment d'apogée du libéralisme? The End of History and the Last Man
25%
Qui a développé la théorie du transnationalisme ? Albert De Swaan
22%
De quoi Pierre Hassner qualifie-t-il les néo-conservateurs ? De « Wilsonians in Boots » afin de désigner les personnes qui veulent exporter la démocratie
22%
Dans le deuxième modèle, on considère qu’on n’a pas affaire à des choix mais à des ... (deux mots). De plus et contrairement au premier modèle, les ressources matérielles et temporelles sont .... On fait alors avec ce que l'on sait faire. limitées
22%
Quels sont les 4 facteurs qui peuvent conduire à des mauvaises perceptions dans les RI selon Robert Jervis ? 1) Interprétation par analogie et biais d'assimilation
Cette pratique peut être problématique dans le processus de prise de décision. En effet, en se basant sur des événements passés pour interpréter les actions présentes, les décideurs peuvent perdre la valeur de la comparaison. Cela peut entraîner des malentendus dans les RI.
19%
Quel terme est utilisé pour décrire l'effet domino envisagé par les néo-conservateurs dans la région ? Contagion
16%
Le PNAC considère que les Etats-Unis sont une hégémonie ayant des valeurs et une culture propre. Que représente les Etats-Unis a ses yeux ? Les États-Unis représentent un "benevolent hegemon"
16%
Par quoi se traduit le transnationalisme économiquement parlant? Par la mondialisation
16%
Qui sont parmi les participants notables de ce think thank ? Paul Wolfowitz
16%
Quels sont les 4 facteurs qui peuvent conduire à des mauvaises perceptions dans les RI selon Robert Jervis ? 3) Penser l'adversaire plus unitaire qu'il ne l'est On se trompe en croyant que le mouvement de l’adversaire est plus hostile que ce qu’il est vraiment, mais on se trompe aussi en pensant que l’adversaire potentiel nous a compris
13%
Qui sont parmi les participants notables de ce think thank ? Donald Rumsfeld
13%
Selon lui, c'est un mode d'actions et d'organisation de groupes ... (deux mots) dont les activités se développent sans considération des ... nationales. frontières
13%
Quelle est la principale justification des néo-conservateurs pour promouvoir la démocratisation forcée ? La stabilité internationale
13%
Le constructivisme est une approche théorique qui met l'accent sur la ... (deux mots) et l'... des RI. dimension sociale
9%
Il détermine trois modèles de décision: Le processus organisationnel et le modèle de comportement
9%
Quel est le principal concept de l'intersubjectivité selon Wendt ? Les acteurs se regardent les uns les autres et réagissent en fonction des actions des autres.
9%
Cite un ordre encore existant. L'Ordre de Malte
9%
L'Etat existe mais ses prérogatives sont réduites par le dessus (cite un exemple) et par le dessous (cite un exemple). multinationales / contrebandes
9%
Selon lui, c'est un mode d'actions et d'organisation de groupes ... (deux mots) dont les activités se développent sans considération des ... nationales. non étatiques
9%
Qui sont parmi les participants notables de ce think thank ? Richard Perle
9%
Quels sont les 4 facteurs qui peuvent conduire à des mauvaises perceptions dans les RI selon Robert Jervis ? 4) Surévaluer ce qu'on connait de l'adversaire L'autre agit lui aussi de façon rationnelle et son action est elle-même le résultat des outputs établis avec les moyens dont il dispose.
6%
Qui sont parmi les participants notables de ce think thank ? Bill Kristol
6%
Il détermine trois modèles de décision: Le gouvernement démocratique et la politique interne
6%
Dans le premier modèle, l’État est un acteur ... qui va chercher à maximiser rationnellement son utilité en calculant les ... et ... de ses actions. militaire
6%
Dans le deuxième modèle, on considère qu’on n’a pas affaire à des choix mais à des ... (deux mots). De plus et contrairement au premier modèle, les ressources matérielles et temporelles sont .... On fait alors avec ce que l'on sait faire. processus préétablis / outputs organisationnels
6%
Il détermine trois modèles de décision: L'acteur rationnel classique
3%
Quelle critique est souvent adressée aux interventions néo-conservatrices, notamment en Irak ? De ne pas tenir compte des réalités locales
0%
Aucun quiz correspondant
Distribution des résultats
% des personnes avec chaque résultat
Percentile par nombre de réponses
Votre historique - résultats
Vous n’avez pas pris ce quiz